English a : (Record no. 283741)
[ view plain ]
| 000 -LEADER | |
|---|---|
| fixed length control field | 00804nam a22002177a 4500 |
| 003 - CONTROL NUMBER IDENTIFIER | |
| control field | PILC |
| 005 - DATE AND TIME OF LATEST TRANSACTION | |
| control field | 20170607085655.0 |
| 008 - FIXED-LENGTH DATA ELEMENTS--GENERAL INFORMATION | |
| fixed length control field | 150306b xxu||||| |||| 00| 0 eng d |
| 020 ## - INTERNATIONAL STANDARD BOOK NUMBER | |
| International Standard Book Number | 9780199129713 |
| 050 ## - LIBRARY OF CONGRESS CALL NUMBER | |
| Classification number | LB 2352 .Al438 2013 |
| 100 ## - MAIN ENTRY--PERSONAL NAME | |
| Personal name | Allison, Rob |
| 245 ## - TITLE STATEMENT | |
| Title | English a : |
| Remainder of title | language and literature for the IB diploma / |
| Statement of responsibility, etc | Rob Allison and Brian Chanen |
| 260 ## - PUBLICATION, DISTRIBUTION, ETC. (IMPRINT) | |
| Place of publication, distribution, etc | United Kingdom |
| Name of publisher, distributor, etc | Oxford University Press |
| Date of publication, distribution, etc | 2013 |
| 300 ## - PHYSICAL DESCRIPTION | |
| Extent | 208 pages : |
| Dimensions | 28 cm. |
| Other physical details | illustrations ; |
| 440 ## - SERIES STATEMENT/ADDED ENTRY--TITLE | |
| Title | Oxford IB skills and practice |
| 504 ## - BIBLIOGRAPHY, ETC. NOTE | |
| Bibliography, etc | Includes index. |
| 650 ## - SUBJECT ADDED ENTRY--TOPICAL TERM | |
| Source of heading or term | Library of Congress Subject Headings |
| Topical term or geographic name as entry element | English language |
| Form subdivision | Examinations |
| General subdivision | Study guides |
| 650 ## - SUBJECT ADDED ENTRY--TOPICAL TERM | |
| Source of heading or term | Library of Congress Subject Headings |
| Topical term or geographic name as entry element | English literature |
| Form subdivision | Examinations |
| General subdivision | Study guides |
| 700 ## - ADDED ENTRY--PERSONAL NAME | |
| Personal name | Chanen, Brian |
| 942 ## - ADDED ENTRY ELEMENTS (KOHA) | |
| Source of classification or shelving scheme | Library of Congress Classification |
| Koha item type | Books |
| Withdrawn status | Lost status | Source of classification or shelving scheme | Damaged status | Home library | Current library | Shelving location | Date acquired | Sub Shelving location | Total Checkouts | Total Renewals | Full call number | Barcode | Date last seen | Date checked out | Price effective from | Koha item type | Source of acquisition |
|---|---|---|---|---|---|---|---|---|---|---|---|---|---|---|---|---|---|
| Library of Congress Classification | Luxembourg Library | Luxembourg Library | International Baccalaureate Section | 03/06/2015 | 7 | 11 | LB 2352 .Al438 2013 | IB0184 | 10/11/2024 | 10/04/2024 | 03/06/2015 | Books | |||||
| Library of Congress Classification | Luxembourg Library | Luxembourg Library | International Baccalaureate Section | 03/06/2015 | 5 | 26 | LB 2352 .Al438 2013 | IB0183 | 02/16/2026 | 08/19/2025 | 03/06/2015 | Books | |||||
| Library of Congress Classification | Luxembourg Library | Luxembourg Library | International Baccalaureate Section | 06/07/2017 | 4 | 4 | LB 2352 .Al438 2013 | IB0247 | 12/03/2021 | 02/06/2020 | 06/07/2017 | Books | Library Fund |